00522nam a22001577a 450000500170000001000150001702000180003203500150005003700090006508200110007410000250008524500460011026000550015627001330021130000200034420250321150027.0 aENG-144187 a9788194674252 aEN- 127719 bDBAD a27021 aMuslehuddin muhammad aEconomics and IslamcMuhammad Muslehuddin aNew deihibMarkazi Maktaba Islami Publishersc2009 bnew DelhiaD- 307 dwat nagar ,abul farl enclave jamia nagar ,okla new delhie110025k26971652k26954341mmmipublishers@gmail.com a104p.c21cm(pb)